| 000 | 00515nam a2200145 a 4500 | ||
|---|---|---|---|
| 008 | 120416s1972 ||||||||||||||||| || u | ||
| 050 | _aQC 23 Jar | ||
| 100 | _aJardine, Jim | ||
| 245 | 1 | 0 | _aPhysics is Fun |
| 246 | _aan introductory course for secondary schools in four volumes : book two | ||
| 250 | _a2nd ed. | ||
| 260 |
_aLondon _bHeinemann _c1972 |
||
| 350 | _a0.00 | ||
| 995 |
_D0.00 _FCBU-MAIN LIBRARY (Kitwe) _H1 _I7.95 _UDAMAGED _ZMain Library Open Access Collection |
||
| 999 |
_c53610 _d53610 |
||